Fuzzy sets, fuzzy logic, fuzzy methods : with applications /

Guardado en:
Autor Principal: Bandemer, Hans.
Otros Autores: Gottwald, Siegfried.
Formato: Libro
Idioma:English
German
Publicado: Chichester : Wiley, c1995.
Materias:
Etiquetas: Agregar Etiqueta
Sin Etiquetas, Sea el primero en etiquetar este registro!
LEADER 01222nam a2200289 a 4500
001 MAT.inmabb003303
008 950627s1995####enka#####b####001#0#eng#d
005 20130419121801.0
245 1 0 |a Fuzzy sets, fuzzy logic, fuzzy methods :  |b with applications /  |c Hans Bandemer, Siegfried Gottwald. 
260 |a Chichester :  |b Wiley,  |c c1995. 
300 |a x, 239 p. :  |b il. ;  |c 24 cm. 
500 |a Traducción de: Einfuhrüng in die Fuzzy-Methoden. 4ª ed. Berlin : Akademie Verlag, 1993. 
504 |a Incluye referencias bibliográficas (p. [217]-234) e índice. 
505 0 |a 1. Introduction -- 2. Fuzzy sets -- 3. Fuzzified relationships -- 4. Linguistic variables and their applications -- 5. Measure theory and fuzzy sets -- 6. Fuzzy data analysis. 
510 4 |a MR,  |c 94i:03105  |3 (de la versión original) 
020 |a 0471956368 
100 1 |a Bandemer, Hans. 
240 1 0 |a Einfuhrüng in die Fuzzy-Methoden.  |l Inglés 
700 1 |a Gottwald, Siegfried. 
650 0 |a Fuzzy sets. 
650 0 |a Mathematical statistics. 
650 0 |a Fuzzy logic. 
084 |a 03E72 (00A69 03B52 94D05)  |2 msc2000 
010 |a  96177884  
040 |a UkNcU  |c UkNcU  |d TNJ  |d DLC 
041 1 |a eng  |h ger 
859 |h 03  |i B214  |p A-7461  |b BIB. MATEMATICA